000 00738nam a22002177a 4500
003 UA-OsUOA
001 102616
007 ta
008 20130926b un ||||| |||| 00| 0 ukr d
100 _aБондаренко Ю.
090 _a82
_bБ81
942 _cSA
040 _aUA-OsUOA
_bukr
_cUA-OsUOA
_dUA-OsUOA
245 _aМоделювання уроку літератури як навчальний етап у підготовці вчителів-словесників
300 _aС.12-15
955 _a0
041 _aukr
080 _a82
773 0 _w102612
_tУкраїнська мова і література в школі
_dК.
_d2013
_g5
650 7 _a82 Література. Літературознавство
_2UDC
999 _c388888
_d388888